| 000 | 00952 a2200217 4500 | ||
|---|---|---|---|
| 999 |
_c7464 _d7464 |
||
| 020 | _a9780821353417 | ||
| 050 | _aHD3611 DOI 2004 | ||
| 110 | _aWorld Bank | ||
| 245 |
_aDoing business in 2004: _bunderstanding regulation / _cWorld Bank |
||
| 264 |
_aWashington, D.C. : World Bank : International Finance Corp. : _bOxford University Press, _c2004 |
||
| 300 |
_axxi, 194p. : _bill., maps. |
||
| 500 | _aPrepared by a team led by Simeon Djankov. Caralee McLiesh co-managed development and production of the report. The work was carried out under the general direction of Michael Klein. Includes bibliographical references. | ||
| 650 | _aTrade regulation | ||
| 650 | _aCommercial law | ||
| 650 | _aTrade regulation- Law and legislation | ||
| 650 | _aIndustrial management | ||
| 650 | _aBusiness enterprise -- Government policy | ||
| 650 | _aDelegated legislation - - Economic aspects | ||
| 710 | _aWorld Bank | ||
| 942 |
_2lcc _cBK _h3611 _iDOI _kHD |
||